| 000 | 00954cab a22002175a 4500 | ||
|---|---|---|---|
| 001 | L147776 | ||
| 008 | 090617e20090612xxko f 000 0 eng d | ||
| 035 | _a(Sirsi) u147776 | ||
| 041 | 0 | _aeng | |
| 100 | 1 | _aMcAllister, Sean | |
| 245 | 0 | 0 |
_aRegional report _bKent and south-east London |
| 260 | _c2009 | ||
| 490 | 0 |
_aProperty Week _v75(24) 12 June 2009, 60-66(5) |
|
| 520 | _aProvides an overview of commercial property activity across the region. Examines regeneration initiatives ranging from a planned new business district in Ashford town centre to rejuvenation hopes for Herne Bay, and mixed-use development in Chatham and the Medway. Concludes with a look at the planned redevelopment of Greenwich market incorporating retail and office space and a boutique hotel. | ||
| 590 | _aKA | ||
| 651 | 4 | _aKent | |
| 651 | 4 | _aLondon | |
| 690 | _aPROPERTY-COMMERCIAL PROPERTY-COMMERCIAL PROPERTY MARKET | ||
| 700 | 1 | _aSandher, Hardeep | |
| 942 | _n0 | ||
| 999 |
_c81638 _d81638 |
||